| 000 | nam a22 7a 4500 | ||
|---|---|---|---|
| 999 |
_c1581 _d1581 |
||
| 005 | 20170511094530.0 | ||
| 008 | 170511b1964 c ||||| |||| 00| 0 eng d | ||
| 020 | _c$2.95 | ||
| 040 | _aAKMAL | ||
| 082 | _a327.17 BLO | ||
| 090 |
_a237.17 _bBLO |
||
| 100 | 1 |
_aBloomfield, Lincoln Palmer, _d1920- _93200 |
|
| 245 | 1 | 4 |
_aThe power to keep peace, today and in a world without war / _cby Lincoln P. Bloomfield with Hans J. Morgenthau [and others |
| 260 |
_aBerkeley, Calif.] : _bWorld Without War Council, _c[1971] |
||
| 300 |
_ax, 249 p. ; _c 21cm |
||
| 610 | 2 | 4 |
_aUnited Nations _xArmed Forces _93201 |
| 710 | 2 |
_a Massachusetts Institute of Technology. _b Center for International Studies _93202 |
|
| 942 |
_2ddc _cBOOK |
||